[Event "Mittelrhein Verbandsliga-W 18/19"]
[Site "Nordrheinwestfalen"]
[Date "2019.02.10"]
[Round "7.8"]
[White "Kroll, Siegfried"]
[Black "Phlippen, Josef"]
[Result "1-0"]
[WhiteElo "1506"]
[BlackElo "1647"]
[PlyCount "124"]
[EventDate "2018.09.02"]
[EventType "team-tourn"]
[EventRounds "11"]
[EventCountry "GER"]
[SourceTitle "EXT 2022"]
[Source "ChessBase"]
[SourceDate "2021.10.06"]
[SourceVersion "1"]
[SourceVersionDate "2021.10.06"]
[SourceQuality "1"]
[WhiteTeam "Brand SF"]
[BlackTeam "Eschweiler SC"]
[WhiteTeamCountry "GER"]
[BlackTeamCountry "GER"]

1. d4 Nf6 2. Nf3 d5 3. g3 Bf5 4. Bg2 e6 5. 0-0 Nbd7 6. c4 c6 7. Qb3 Qb6 8. c5 Qxb3 9. axb3 Be7 10. Nc3 0-0 11. Bf4 h6 12. b4 g5 13. Bd2 Kg7 14. b5 Ne4 15. bxc6 bxc6 16. Nxe4 Bxe4 17. Bc3 Bc2 18. Ra6 Nb8 19. Raa1 Bb3 20. Nd2 Bc2 21. e4 Nd7 22. Rfe1 Bd8 23. exd5 exd5 24. Nf3 Bf6 25. Ne5 Nxe5 26. dxe5 Be7 27. Ra6 Bxc5 28. Rxc6 Rac8 29. Rxc8 Rxc8 30. Bxd5 Kg6 31. e6 fxe6 32. Rxe6+ Kh7 33. Be4+ Bxe4 34. Rxe4 Rf8 35. Bd4 Bxd4 36. Rxd4 Kg6 37. g4 Rf6 38. Rd7 a6 39. Rd2 Rb6 40. Kg2 a5 41. Kg3 Kf6 42. Re2 a4 43. Kg2 Rb3 44. Rc2 a3 45. bxa3 Rxa3 46. Rc6+ Kg7 47. f3 Ra2+ 48. Kg3 Ra4 49. h4 gxh4+ 50. Kxh4 Rf4 51. Kg3 Rf6 52. Rxf6 Kxf6 53. Kf4 Ke6 54. Ke4 Kf6 55. f4 Ke6 56. Kd4 Kf6 57. Kd5 Ke7 58. Ke5 Kf7 59. f5 Ke7 60. f6+ Kf7 61. Kf5 Kg8 62. Ke6 Kf8 1-0